000 00305nam a22001337a 4500
008 171023b xxu||||| |||| 00| 0 eng d
020 _a0060417218
041 _aeng
080 _a311
100 _a55
101 _aSTA
245 _aDESCRIPTIVE AND INFERENTIAL STATISTICS
_cDOWNIE,N,M
942 _2udc
_cBK
999 _c35541
_d35541